21世紀大阪近鉄バファローズ開幕スタメン - Statistics

General Stats
  • This quiz has been taken 18 times
  • The average score is 21 of 40
Answer Stats
Answer % Correct
中村紀洋
100%
中村紀洋
100%
中村紀洋
100%
中村紀洋
100%
ローズ
85%
ローズ
85%
ローズ
85%
岩隈久志
85%
2001 大村直之
69%
2002 大村直之
69%
2003 大村直之
69%
2004 大村直之
69%
水口栄二
54%
磯部公一
54%
吉岡雄二
54%
水口栄二
54%
磯部公一
54%
吉岡雄二
54%
水口栄二
54%
磯部公一
54%
吉岡雄二
54%
川口憲史
54%
水口栄二
54%
北川博敏
54%
川口憲史
54%
磯部公一
54%
的山哲也
46%
的山哲也
46%
藤井彰人
38%
藤井彰人
38%
前田忠節
23%
阿部真宏
23%
パウエル
23%
阿部真宏
23%
ガルシア
15%
バーンズ
15%
門倉健
8%
ウィルソン
8%
バーグマン
8%
星野おさむ
8%
No matching quizzes found
Score Distribution
Percent of People with Each Score
Percentile by Number Answered
Your Score History
You have not taken this quiz